| 000 | 00346 a2200121 4500 | ||
|---|---|---|---|
| 000 | nam a22 7a 4500 | ||
| 005 | 20260317125421.0 | ||
| 020 | _a9781804296875 | ||
| 100 |
_aKevin B. Anderson _91132314 |
||
| 245 | _aThe Late Marxs Revolutionary Roads: Colonialism, Gender, and Indigenous Communism | ||
| 260 |
_bVerso _c2025 |
||
| 942 | _cTEXL | ||
| 999 |
_c1715614 _d1715614 |
||